Building and Managing High-performance Distributed Teams : Navigating the Future of Work (Record no. 547016)

MARC details
000 -LEADER
fixed length control field 02321nam a2200193Ia 4500
008 - FIXED-LENGTH DATA ELEMENTS--GENERAL INFORMATION
fixed length control field 240825s9999 xx 000 0 und d
020 ## - INTERNATIONAL STANDARD BOOK NUMBER
ISBN 9781484277386
Paper back/Hardbound pbk
041 ## - LANGUAGE CODE
Language code of text/sound track or separate title Eng.
082 ## - DEWEY DECIMAL CLASSIFICATION NUMBER
Classification number 658.4022
Item number SIL
100 ## - MAIN ENTRY--AUTHOR NAME
Personal name Silveira Jr., Alberto S.
245 #0 - TITLE STATEMENT
Title Building and Managing High-performance Distributed Teams : Navigating the Future of Work
Statement of responsibility, etc / Alberto S. Silveira Jr.
250 ## - EDITION STATEMENT
Edition statement 1st ed.
260 ## - PUBLICATION, DISTRIBUTION, ETC. (IMPRINT)
Name of publisher Apress
Year of publication 2022
Place of publication New york
300 ## - PHYSICAL DESCRIPTION
Number of Pages xvii, 208 p.
Other physical details ; ill.
Dimensions ; 24 cm.
504 ## - BIBLIOGRAPHY, ETC. NOTE
Bibliography, etc Includes index
520 ## - SUMMARY, ETC.
Summary, etc The age of the distributed team is upon us. Teams can now operate and collaborate from locations other than a central office, and events surrounding the 2020 COVID pandemic have thrown its practicality into sharp relief. Managing a team whose members are distributed across several locations requires a different mindset and will remain a must-have for all areas of business from this point forward. Building and Managing High-Performance Distributed Teams explains what the distributed teams concept means to the future of your company. Author Alberto S. Silveira Jr. leverages his industry knowledge to explore why the high-performance distributed team model is vital to the future of business, and explains how to build and maintain one through times of change. You will learn to differentiate between distributed teams, remote work, offshoring, and what each means in a modern context. Silveira also weaves in stories from his other life as a boater and sailor, using analogies and lessons gained from humankind's thousands of years of maritime adventure to illustrate the value of well-managed teams, and to also convey the importance of life-work balance in today's working world. The book analyzes team management strategies from some of the great successes and failures in recent years so that you can learn from the experiences of others. Building and Managing High-Performance Distributed Teams is your definitive guide for building a dynamic distributed team, using collaboration technology to attract and engage the most important element of any business-your people. Whether you are a department head, a business owner, or a team leader, this book presents the no-nonsense knowledge you need now to chart your course for success
650 ## - SUBJECT ADDED ENTRY--TOPICAL TERM
Topical Term Business Management
942 ## - ADDED ENTRY ELEMENTS (KOHA)
Koha item type English Books
Holdings
Withdrawn status Lost status Damaged status Not for loan Home library Current library Shelving location Date acquired Cost, normal purchase price Full call number Accession Number Price effective from Koha item type
        Anna Centenary Library Anna Centenary Library 6TH FLOOR, A WING 03.03.2024 799.00 658.4022 SIL 668334 25.08.2024 English Books
        Anna Centenary Library Anna Centenary Library 6TH FLOOR, A WING 26.04.2024 799.00 658.4022 SIL;1 679146 25.08.2024 English Books

Find us on the map